Analýza spotreby domácnosti v Slovenskej republike bakalárska práca

Na minha lista:
Detalhes bibliográficos
Autor principal: Hricišínová, Miroslava
Autor Corporativo: Národohospodárska fakulta EU. Katedra hospodárskej politiky
Outros Autores: Pobudová, Daniela, 1982-
Formato: Livro
Idioma:eslovaco
Publicado em: Bratislava 2019
Tags: Adicionar Tag
Sem tags, seja o primeiro a adicionar uma tag!

MARC

LEADER 00000nbm a2200000 4500
001 0256596
005 20191218092214.5
041 0 |a slo 
044 |a SK 
245 1 0 |a Analýza spotreby domácnosti v Slovenskej republike  |b bakalárska práca  |c Miroslava Hricišínová ; školiteľ: Daniela Pobudová 
264 1 |a Bratislava  |c 2019 
300 |a 52 s. 
100 1 |a Hricišínová, Miroslava 
700 1 |a Pobudová, Daniela, 1982- 
710 2 |a Národohospodárska fakulta EU. Katedra hospodárskej politiky